| 000 | 00329pam a2200121a 44500 | ||
|---|---|---|---|
| 008 | 230405s2004 xxu||||| |||| 00| 0 eng d | ||
| 041 | _aENG | ||
| 100 | _aALFONSO GENNNARO | ||
| 245 | _aREMINGTON THE SCIENCE AND PRACTICE OF PHARMACY VOL- I | ||
| 260 |
_a _bLIPPINCOTT RAVEN PUB NEW YORK _c2004 |
||
| 300 | _a1257 | ||
| 906 | _a4994 | ||
| 999 |
_c280265 _d280265 |
||